Thermo-oxidative degradation and stabilisation of rubber materials (Record no. 71262)

MARC details
000 -LEADER
fixed length control field 00392nam a2200133Ia 4500
100 ## - MAIN ENTRY--AUTHOR NAME
Personal name Mattson Bengt
245 #0 - TITLE STATEMENT
Title Thermo-oxidative degradation and stabilisation of rubber materials
260 ## - PUBLICATION, DISTRIBUTION, ETC. (IMPRINT)
Name of publisher Progress in Rubber and Plastics technology
Year of publication 1993
300 ## - PHYSICAL DESCRIPTION
Number of Pages Jan-53
650 ## - SUBJECT ADDED ENTRY--TOPICAL TERM
Topical Term Oxidative ageing
700 ## - ADDED ENTRY--PERSONAL NAME
Personal name Stenberg Bengt
942 ## - ADDED ENTRY ELEMENTS (KOHA)
Koha item type Journals
Holdings
Withdrawn status Lost status Damaged status Not for loan Home library Current library Shelving location Date acquired Serial Enumeration / chronology Koha item type
      Journals RRII Library RRII Library Rubber chemistry 17/12/2021 Volume 9, Issue 1 Journals